| 000 | 00489nam a22001577a 4500 | ||
|---|---|---|---|
| 999 |
_c9214 _d9214 |
||
| 008 | 210329b ||||| |||| 00| 0 eng d | ||
| 040 | _aBMS College of Architecture | ||
| 100 | _aM, N, Sudhir | ||
| 245 | _aInstitute of Agriculture science at Mandya Karnataka | ||
| 300 | _aNA | ||
| 500 | _a1BM98AT046 | ||
| 502 |
_8B.Arch _NBMS College of Architecture, Visvesvaraya Technological University _aProject report _d2007 |
||
| 650 | _aMandya | ||
| 700 |
_aSatish Rao _eGuide |
||
| 942 |
_2ddc _cTHE |
||